000 00548nam a2200205Ia 4500
003 OSt
005 20260213101423.0
008 210210b1954 xxu||||| |||| 00| 0 eng d
040 _cAL
041 _aKannada
082 _a851/450
100 _aSHIVARUDRAPPA
_dಶಿವರುದ್ರಪ್ಪ
_9254639
245 _aSanje dari
_bಸಂಜೆ ದಾರಿ
260 _aBengaluru
_bNetravati Prakashana
_c1954
650 _aSanje
_9254640
650 _adari
_9254641
690 _aKannada Poetry
_9254642
906 _a018467
942 _2ddc
_cBK
999 _c141952
_d141952